Catalog

Record Details

Catalog Search



Lüneburská varianta  Cover Image Book Book

Lüneburská varianta / Paolo Maurensig ; z italského originálu La variante di Lüneburg ... přeložil Šimon Daníček

Record details

  • ISBN: 978-80-85924-74-9
  • Physical Description: 158 stran ; 21 cm
  • Edition: V českém jazyce vydání první
  • Publisher: Praha : Sefer, 2015
Genre: italské romány
Italian fiction

Available copies

  • 1 of 1 copy available at Common Catalog SPOK.

Holds

  • 0 current holds with 1 total copy.
Show Only Available Copies
Location Call Number / Copy Notes Barcode Shelving Location Status Due Date
The Jewish community of Prague K 3152 4638300231 K - Beletrie Available -

LDR 01241nam a2200373 i 4500
00152349
003CZ-PrJAB
00520150630150841.0
007ta
008150519s2015 xr a g 000 f cze
015 . ‡acnb002700918
020 . ‡a978-80-85924-74-9 ‡q(vázáno)
035 . ‡a(CZ PrNK)nkc20152700918
035 . ‡a(OCoLC)913564963
040 . ‡aOLA001 ‡bcze ‡dABA001 ‡erda
0411 . ‡acze ‡hita
072 7. ‡a821.131.1-3 ‡xItalská próza ‡2Konspekt ‡925
080 . ‡a821.131.1-31 ‡2MRF
080 . ‡a(0:82-31) ‡2MRF
1001 . ‡aMaurensig, Paolo, ‡d1943-2021 ‡7jcu2012682426 ‡4aut
24010. ‡aVariante di Lüneburg. ‡lČesky
24510. ‡aLüneburská varianta / ‡cPaolo Maurensig ; z italského originálu La variante di Lüneburg ... přeložil Šimon Daníček
250 . ‡aV českém jazyce vydání první
264 1. ‡aPraha : ‡bSefer, ‡c2015
300 . ‡a158 stran ; ‡c21 cm
336 . ‡atext ‡btxt ‡2rdacontent
337 . ‡abez média ‡bn ‡2rdamedia
338 . ‡asvazek ‡bnc ‡2rdacarrier
4901 . ‡aEdice prózy ; ‡vsvazek 19
655 7. ‡aitalské romány ‡7fd132481 ‡2czenas
655 9. ‡aItalian fiction ‡2eczenas
830 0. ‡aEdice prózy (Sefer)
910 . ‡aABE461
995 . ‡aska
901 . ‡a52349 ‡bAUTOGEN ‡c52349 ‡tbiblio

Additional Resources